00358nam a22001097a 4500008004100000082001500041100003200056245009400088260004300182300000900225440001400234230621b xxu||||| |||| 00| 0 eng d a328.4bSOC cDavid Batt and Gavin Devine aThe Table bThe Journal of the Society of Clerks-at-the-table in Commonwealth Parliaments aLondonbCommonwealth Parliamentsc2002 a294p vvolume 70